[Event "II. CLANSKA LIGA ZAHOD 2016"]
[Site "Komenda"]
[Date "2016.11.11"]
[Round "1.1"]
[White "Hasanagic, Anel"]
[Black "Jukan, Nesib"]
[Result "1-0"]
[WhiteElo "2219"]
[BlackElo "1996"]
[PlyCount "89"]
[EventDate "2016.11.11"]
[WhiteTeam "SD JESENICE"]
[BlackTeam "SK TRZIN"]

1. g3 d5 2. Bg2 Nf6 3. f4 c5 4. Nf3 Nc6 5. d3 g6 6. O-O Bg7 7. c3 O-O 8. h3 Qd6
9. Na3 a6 10. g4 e5 11. fxe5 Nxe5 12. Nxe5 Qxe5 13. Bf4 Qe6 14. Qd2 Bd7 15. Rf2
Bc6 16. Raf1 d4 17. c4 Bxg2 18. Kxg2 b5 19. b3 Ra7 20. Kh2 b4 21. Nc2 h5 22.
Bg5 Qe5+ 23. Bf4 Qe6 24. Bg5 Qe5+ 25. Kg2 Nh7 26. Bf4 Qe6 27. gxh5 gxh5 28. Kh2
Re8 29. Rg1 Nf8 30. Bg3 Ng6 31. Qg5 h4 32. Bxh4 Qe5+ 33. Kh1 Rae7 34. Qg4 Nxh4
35. Qxh4 Re6 36. Ne1 Qe3 37. Rfg2 Rg6 38. Nf3 Ree6 39. Qd8+ Bf8 40. Qd5 Rxg2
41. Rxg2+ Bg7 42. Qd8+ Re8 43. Qf6 Qc1+ 44. Kh2 Re6 45. Qxg7# 1-0

[Event "II. CLANSKA LIGA ZAHOD 2016"]
[Site "Komenda"]
[Date "2016.11.11"]
[Round "1.2"]
[White "Rojs, Igor"]
[Black "Rodman, Franc"]
[Result "1/2-1/2"]
[WhiteElo "1986"]
[BlackElo "2078"]
[PlyCount "64"]
[EventDate "2016.11.11"]
[WhiteTeam "SK TRZIN"]
[BlackTeam "SD JESENICE"]

1. d4 Nf6 2. Nf3 g6 3. g3 Bg7 4. Bg2 O-O 5. O-O d6 6. Nc3 c5 7. e4 cxd4 8. Nxd4
Nc6 9. h3 Nxd4 10. Qxd4 Be6 11. Qd3 Qc8 12. Re1 Bxh3 13. Nd5 Nxd5 14. exd5 Bf5
15. Be4 Bd7 16. c3 Re8 17. Bf4 b5 18. Re2 Qc4 19. Qe3 Rac8 20. Bf3 a5 21. Qa7
Qc7 22. Qxc7 Rxc7 23. Rae1 Kf8 24. a3 Rb7 25. Bg5 f6 26. Be3 Kf7 27. Bd4 h5 28.
Kg2 Bf8 29. Be4 Rc8 30. Bd3 Re8 31. Be4 Rc8 32. Bd3 Re8 1/2-1/2

[Event "II. CLANSKA LIGA ZAHOD 2016"]
[Site "Komenda"]
[Date "2016.11.11"]
[Round "1.3"]
[White "Jeraj, Zlatko"]
[Black "Leben, Dusan"]
[Result "0-1"]
[WhiteElo "2062"]
[BlackElo "1879"]
[PlyCount "116"]
[EventDate "2016.11.11"]
[WhiteTeam "SD JESENICE"]
[BlackTeam "SK TRZIN"]

1. d4 Nf6 2. c4 e6 3. Nf3 d5 4. Nc3 c6 5. Bg5 Be7 6. e3 Nbd7 7. Bd3 a6 8. O-O
O-O 9. b3 b5 10. Qc2 h6 11. Bh4 Bb7 12. c5 a5 13. Nd2 e5 14. f3 exd4 15. exd4
Re8 16. Rae1 Nh5 17. Bf2 Nf4 18. Bf5 Nf8 19. g3 N4g6 20. f4 Bc8 21. Nf3 Bxf5
22. Qxf5 Qd7 23. Qh5 Nh7 24. Ne5 Nxe5 25. fxe5 Bg5 26. Re2 Re6 27. h4 Be7 28.
Be1 Rf8 29. Nd1 Bd8 30. Ne3 f6 31. Ng2 fxe5 32. Rxf8+ Nxf8 33. Rxe5 Bf6 34. Nf4
Bxe5 35. Nxe6 Qxe6 36. Qxe5 Qxe5 37. dxe5 a4 38. b4 Kf7 39. Kf2 Nd7 40. Bc3 Ke6
41. g4 Nxe5 42. Kg3 g6 43. Kf4 Nf7 44. h5 g5+ 45. Kg3 Nd8 46. Bg7 Kf7 47. Bxh6
Ne6 48. Kf2 Kg8 49. Ke3 Kh7 50. Bxg5 Nxg5 51. Kf4 Nf7 52. Kf5 Kh6 53. Ke6 d4
54. Kxf7 d3 55. Kf6 d2 56. g5+ Kxh5 57. g6 d1=Q 58. g7 Qa1+ 0-1

[Event "II. CLANSKA LIGA ZAHOD 2016"]
[Site "Komenda"]
[Date "2016.11.11"]
[Round "1.4"]
[White "Bajec, Borut"]
[Black "Pazlar, Marko"]
[Result "0-1"]
[WhiteElo "1794"]
[BlackElo "2061"]
[PlyCount "146"]
[EventDate "2016.11.11"]
[WhiteTeam "SK TRZIN"]
[BlackTeam "SD JESENICE"]

1. d4 e6 2. c4 f5 3. Nf3 Nf6 4. e3 b6 5. Be2 Bb4+ 6. Bd2 a5 7. O-O O-O 8. a3
Bxd2 9. Nbxd2 Bb7 10. Ne5 d6 11. Nd3 c5 12. Nf4 Re8 13. Bf3 Qc7 14. d5 e5 15.
Ne6 Qc8 16. e4 f4 17. Bg4 Nbd7 18. Bh3 Re7 19. g3 Nf8 20. gxf4 exf4 21. Qf3 Qe8
22. Qxf4 Qh5 23. Qg3 Bc8 24. Nf4 Qh6 25. Bxc8 Rxc8 26. f3 Re5 27. Kh1 Rce8 28.
Rg1 R8e7 29. Rg2 Rf7 30. Rag1 Nh5 31. Nxh5 Rxh5 32. Nf1 Rh3 33. Qe1 Rhxf3 34.
Ng3 Ng6 35. Nf5 Qf4 36. Rg4 Qe5 37. Qe2 Rf4 38. Rxf4 Qxf4 39. Rf1 Qe5 40. Qf3
Kf8 41. Qe2 Ne7 42. Ng3 g6 43. Rxf7+ Kxf7 44. Kg2 Ng8 45. Kh3 Nf6 46. b3 h5 47.
Qf3 Kg7 48. a4 Ng4 49. Kg2 Qb2+ 50. Ne2 Qc2 51. Kg3 Qd2 52. Qc3+ Qxc3+ 53. Nxc3
Kf6 54. h3 Ne3 55. Kf2 Nc2 56. Nb1 Ke5 57. Nd2 Kf4 58. Ke2 Nd4+ 59. Kf2 g5 60.
Nf1 g4 61. hxg4 hxg4 62. Ng3 Nxb3 63. Nf5 Ke5 64. Ke3 Nd4 65. Ne7 g3 66. Nc8
Nc2+ 67. Kf3 g2 68. Kxg2 Kxe4 69. Nxd6+ Ke5 70. Nc8 Ne3+ 71. Kf2 Nxc4 72. d6
Ke6 73. Ke2 Kd7 0-1

[Event "II. CLANSKA LIGA ZAHOD 2016"]
[Site "Komenda"]
[Date "2016.11.11"]
[Round "1.5"]
[White "Pavlin, Ivan"]
[Black "Grum, Andrej"]
[Result "1/2-1/2"]
[WhiteElo "1882"]
[BlackElo "1777"]
[PlyCount "126"]
[EventDate "2016.11.11"]
[WhiteTeam "SD JESENICE"]
[BlackTeam "SK TRZIN"]

1. d4 Nf6 2. c4 c5 3. d5 b5 4. cxb5 a6 5. e3 d6 6. Nc3 g6 7. Be2 Bg7 8. Nf3 O-O
9. O-O Nbd7 10. bxa6 Ng4 11. Nd2 Nh6 12. Qc2 Bxa6 13. Bxa6 Rxa6 14. b3 Qa8 15.
e4 f5 16. Bb2 fxe4 17. Qxe4 Rf7 18. a4 Nf5 19. Nf3 Qb7 20. Ra3 Qb4 21. Qc2 Qb7
22. Ng5 Nd4 23. Qe4 Rf5 24. Qxe7 h6 25. Nge4 Re5 26. Qh4 Rh5 27. Qg4 Kh7 28.
Qd1 Rb6 29. Ng3 Re5 30. Nge4 Nxb3 31. Nxd6 Qb8 32. Ncb5 Nd4 33. Bxd4 cxd4 34.
Nc4 Rh5 35. g3 Rxb5 36. axb5 Qxb5 37. Ra5 Qxc4 38. Ra7 Qxd5 39. Ra3 Ne5 40. f3
d3 41. Rb3 Qe6 42. Rf2 Qd5 43. h4 Rf5 44. f4 Qc5 45. Kg2 h5 46. Qd2 Ng4 47. Rf3
Rd5 48. Rbxd3 Rxd3 49. Rxd3 Qc6+ 50. Kg1 Qb6+ 51. Kg2 Qb7+ 52. Kg1 Qb1+ 53. Qd1
Qb5 54. Qd2 Kh6 55. f5+ Kh7 56. fxg6+ Kxg6 57. Rd6+ Bf6 58. Qd3+ Qxd3 59. Rxd3
Kf5 60. Rb3 Ke4 61. Kg2 Ne3+ 62. Kh3 Ng4 63. Rb4+ Kf5 1/2-1/2

[Event "II. CLANSKA LIGA ZAHOD 2016"]
[Site "Komenda"]
[Date "2016.11.11"]
[Round "1.6"]
[White "Banfi, Gregor"]
[Black "Ravnik, Franc"]
[Result "0-1"]
[WhiteElo "1609"]
[BlackElo "1920"]
[PlyCount "132"]
[EventDate "2016.11.11"]
[WhiteTeam "SK TRZIN"]
[BlackTeam "SD JESENICE"]

1. e4 c5 2. Nf3 d6 3. d4 cxd4 4. Nxd4 Nc6 5. Nc3 Nf6 6. Be2 e5 7. Nb3 Be6 8.
Bg5 Be7 9. Bxf6 Bxf6 10. Nd5 Be7 11. c3 O-O 12. O-O a6 13. Kh1 Bg5 14. f4 exf4
15. Nxf4 Bxf4 16. Rxf4 Bxb3 17. Qxb3 Qe7 18. Raf1 Ne5 19. Bc4 Rac8 20. Bd5 Rc7
21. Qb6 Kh8 22. a4 Rd7 23. h3 f6 24. g3 Nd3 25. R4f3 Ne5 26. Rf5 g6 27. R5f4
Kg7 28. Kg2 Nd3 29. R4f3 Nc5 30. Re1 Nxa4 31. Qd4 Nc5 32. b4 Ne6 33. Bxe6 Qxe6
34. Rd1 Rc8 35. Rdf1 Rf7 36. Rd1 Rc6 37. g4 h6 38. Rd2 Re7 39. Rdf2 Rf7 40. Rd2
Rc4 41. Qxd6 Qxe4 42. Qd5 Re7 43. Qxe4 Rcxe4 44. Rd6 R4e6 45. Rd2 g5 46. Rdf2
Kg6 47. Kg3 Re3 48. Rc2 h5 49. gxh5+ Kxh5 50. c4 f5 51. Kf2 Rxf3+ 52. Kxf3 Kh4
53. Rc1 f4 54. b5 axb5 55. cxb5 Re3+ 56. Kf2 Rb3 57. Rc7 Kxh3 58. Rh7+ Kg4 59.
Rxb7 Rb2+ 60. Ke1 Kg3 61. b6 f3 62. Rf7 Rxb6 63. Rf5 g4 64. Rf7 Kg2 65. Rf5
Re6+ 66. Kd1 f2 0-1

[Event "II. CLANSKA LIGA ZAHOD 2016"]
[Site "Komenda"]
[Date "2016.11.11"]
[Round "1.1"]
[White "Butala, Marjan"]
[Black "Luzar, Emil"]
[Result "1/2-1/2"]
[WhiteElo "2015"]
[BlackElo "2176"]
[PlyCount "99"]
[EventDate "2016.11.11"]
[WhiteTeam "KPSRD KAREL JERAJ LJUBLJANA"]
[BlackTeam "SK DOLENJSKE TOPLICE"]

1. Nf3 Nf6 2. c4 g6 3. Nc3 Bg7 4. g3 O-O 5. Bg2 c6 6. O-O d6 7. Rb1 e5 8. d3
Re8 9. e4 a6 10. a4 a5 11. d4 exd4 12. Nxd4 Na6 13. h3 Nb4 14. f4 d5 15. cxd5
cxd5 16. e5 Nh5 17. Kh2 f6 18. Qb3 fxe5 19. fxe5 Nxg3 20. Bf4 Nh5 21. Bxd5+ Kh8
22. Nde2 Nxf4 23. Nxf4 Bxe5 24. Bf7 Qd2+ 25. Nce2 Qxe2+ 26. Kh1 Qe4+ 27. Ng2
Nd3 28. Rbe1 Nxe1 29. Rxe1 Qf5 30. Bxe8 Be6 31. Qe3 Rxe8 32. Qxe5+ Qxe5 33.
Rxe5 Bd7 34. Rxa5 Bxh3 35. Rb5 Re7 36. Nf4 Bd7 37. Rb4 Bc6+ 38. Kh2 Re4 39.
Rxe4 Bxe4 40. b4 g5 41. Ne6 g4 42. a5 Bf3 43. Kg3 Kg8 44. Nd4 Bh1 45. Kxg4 Kf7
46. b5 Ke7 47. Nf3 Kd6 48. a6 bxa6 49. bxa6 Kc7 50. Ng5 1/2-1/2

[Event "II. CLANSKA LIGA ZAHOD 2016"]
[Site "Komenda"]
[Date "2016.11.11"]
[Round "1.2"]
[White "Pucelj, Joze"]
[Black "Mlacnik, Franc"]
[Result "1-0"]
[WhiteElo "2084"]
[BlackElo "2019"]
[PlyCount "93"]
[EventDate "2016.11.11"]
[WhiteTeam "SK DOLENJSKE TOPLICE"]
[BlackTeam "KPSRD KAREL JERAJ LJUBLJANA"]

1. Nf3 d6 2. g3 f5 3. Bg2 Nf6 4. O-O e5 5. d3 Be7 6. c3 O-O 7. Qc2 Nc6 8. Nbd2
Qe8 9. e4 f4 10. d4 Qh5 11. Qd3 g5 12. Ne1 g4 13. f3 Kh8 14. Rf2 Rg8 15. Nf1
gxf3 16. Bxf3 Bg4 17. Rg2 d5 18. gxf4 Bxf3 19. Qxf3 Rxg2+ 20. Qxg2 exd4 21.
exd5 Nxd5 22. Ng3 Qf7 23. Nd3 dxc3 24. bxc3 Bf6 25. Rb1 Nxc3 26. Rxb7 Nd4 27.
Rxc7 Nde2+ 28. Nxe2 Nxe2+ 29. Kf1 Qxc7 30. Qxa8+ Kg7 31. Kxe2 Qc2+ 32. Bd2 Qxa2
33. Qb7+ Kg6 34. Qe4+ Kg7 35. Qb7+ Kg6 36. Qe4+ Kg7 37. Ne5 Qa6+ 38. Qc4 Qb7
39. Qc6 Qb3 40. Qd7+ Kg8 41. Qg4+ Kf8 42. Nd7+ Ke7 43. Nxf6 Qc4+ 44. Ke1 Kxf6
45. Qg5+ Kf7 46. Qf5+ Kg8 47. Qe5 1-0

[Event "II. CLANSKA LIGA ZAHOD 2016"]
[Site "Komenda"]
[Date "2016.11.11"]
[Round "1.4"]
[White "Janko, Roman"]
[Black "Vertacnik, Viktor"]
[Result "1-0"]
[WhiteElo "1862"]
[BlackElo "1570"]
[PlyCount "73"]
[EventDate "2016.11.11"]
[WhiteTeam "SK DOLENJSKE TOPLICE"]
[BlackTeam "KPSRD KAREL JERAJ LJUBLJANA"]

1. e4 e5 2. Bc4 Nf6 3. Nc3 Bc5 4. d3 c6 5. Bg5 d6 6. Nf3 Nbd7 7. a4 Nf8 8. d4
exd4 9. Nxd4 Ng6 10. O-O h6 11. Be3 Ng4 12. Qd2 Nxe3 13. Qxe3 O-O 14. Rab1 a6
15. b4 Ba7 16. b5 Ne5 17. Be2 axb5 18. axb5 Bc5 19. Qd2 cxb5 20. Ndxb5 Qf6 21.
Nd5 Qh4 22. Bd3 Bh3 23. Qf4 Qxf4 24. Nxf4 Nxd3 25. cxd3 Bd7 26. Nc7 Rac8 27.
Ncd5 Rb8 28. Rfd1 Bd4 29. Ne2 Bg4 30. Nxd4 Bxd1 31. Rxd1 Kh7 32. Nb6 Rfe8 33.
f4 Rbd8 34. Rc1 Re7 35. Kf2 f6 36. f5 Re5 37. Rc7 1-0

[Event "II. CLANSKA LIGA ZAHOD 2016"]
[Site "Komenda"]
[Date "2016.11.11"]
[Round "1.5"]
[White "Cizman, Gregor"]
[Black "Gorse, Damjan"]
[Result "0-1"]
[WhiteElo "1611"]
[BlackElo "1784"]
[PlyCount "58"]
[EventDate "2016.11.11"]
[WhiteTeam "KPSRD KAREL JERAJ LJUBLJANA"]
[BlackTeam "SK DOLENJSKE TOPLICE"]

1. d4 Nf6 2. Nf3 g6 3. Bf4 Bg7 4. c3 d6 5. h3 Bf5 6. e3 O-O 7. Be2 Nbd7 8. O-O
Be4 9. Nbd2 Bxf3 10. Nxf3 Re8 11. Qb3 Rb8 12. Rfd1 e6 13. Qc2 Qe7 14. Rab1 e5
15. dxe5 dxe5 16. Bh2 b5 17. b3 Qc5 18. c4 a5 19. Rbc1 b4 20. Rd2 Qc6 21. Rcd1
Re7 22. Bg3 Ne4 23. Bh4 Bf6 24. Rd5 Bxh4 25. Nxh4 Nc3 26. R1d2 Nxd5 27. Rxd5
Nc5 28. Nf3 Rbe8 29. Qb2 f6 0-1

[Event "II. CLANSKA LIGA ZAHOD 2016"]
[Site "Komenda"]
[Date "2016.11.11"]
[Round "1.6"]
[White "Kregulj, Andrej"]
[Black "Ulaga, Karel"]
[Result "1-0"]
[WhiteElo "1717"]
[BlackElo "1732"]
[PlyCount "43"]
[EventDate "2016.11.11"]
[WhiteTeam "SK DOLENJSKE TOPLICE"]
[BlackTeam "KPSRD KAREL JERAJ LJUBLJANA"]

1. d4 f5 2. Nf3 Nf6 3. e3 g6 4. Be2 Bg7 5. b3 O-O 6. O-O b6 7. Bb2 Bb7 8. Ne5
e6 9. Nd2 d6 10. Nd3 Nbd7 11. Bf3 Bxf3 12. Nxf3 Ne4 13. c4 c6 14. Rc1 Rc8 15.
Qe2 Ndf6 16. Rfd1 Qe7 17. Nf4 d5 18. cxd5 cxd5 19. Qa6 Rxc1 20. Rxc1 Re8 21. h3
Bf8 22. Ne5 1-0

[Event "II. CLANSKA LIGA ZAHOD 2016"]
[Site "Komenda"]
[Date "2016.11.11"]
[Round "1.1"]
[White "Kodric, Vladimir"]
[Black "Beletic, Danijel"]
[Result "0-1"]
[WhiteElo "1945"]
[BlackElo "2303"]
[PlyCount "174"]
[EventDate "2016.11.11"]
[WhiteTeam "SK LOSKA DOLINA"]
[BlackTeam "SK RIMEX ILIRSKA BISTRICA"]

1. d4 c5 2. c3 Nf6 3. Nf3 d5 4. Bf4 Nc6 5. e3 Qb6 6. Qb3 c4 7. Qc2 Bf5 8. Qc1
e6 9. Nbd2 Be7 10. h3 h6 11. Be2 O-O 12. O-O Rfc8 13. Re1 Qd8 14. Bd1 b5 15.
Bc2 Bxc2 16. Qxc2 b4 17. e4 a5 18. Qa4 Qd7 19. Kf1 Ne5 20. Qxd7 Nexd7 21. Ne5
Nb6 22. f3 Na4 23. b3 cxb3 24. axb3 Nxc3 25. g4 Nb5 26. Be3 Na3 27. Ra2 Rc3 28.
Bf2 Rac8 29. Rd1 R8c7 30. h4 Ne8 31. exd5 exd5 32. Ke2 Nd6 33. Nd3 Ndb5 34. Nf4
Rd7 35. Rb2 Bf6 36. Nb1 Nxb1 37. Rbxb1 Rc2+ 38. Kf1 Nc3 39. Rbc1 Rb2 40. Re1
Rxf2+ 41. Kxf2 Bxh4+ 42. Kg2 Bxe1 43. Rxe1 Nb5 44. Re8+ Kh7 45. Ra8 Nxd4 46.
Rxa5 Nxb3 47. Rxd5 Rb7 48. Nd3 Na1 49. Ra5 Nc2 50. Rc5 b3 51. Nb2 Ra7 52. Rb5
Nd4 53. Rb4 Ra2 54. Rxd4 Rxb2+ 55. Kg3 Rc2 56. Rb4 b2 57. Rb6 f6 58. Kf4 Kg6
59. Rb5 Re2 60. Rb7 Rh2 61. Kg3 Rc2 62. Kf4 Re2 63. Kg3 h5 64. Kh4 hxg4 65.
fxg4 Kh6 66. Kg3 g6 67. Kf3 Rc2 68. Kf4 Rc4+ 69. Kg3 Rc3+ 70. Kf4 g5+ 71. Ke4
Kg6 72. Rxb2 Rg3 73. Rb8 Rxg4+ 74. Kf3 Rf4+ 75. Kg3 Ra4 76. Rb5 Ra3+ 77. Kg2 f5
78. Kh2 f4 79. Rc5 Kh5 80. Rf5 Kg4 81. Rb5 Ra2+ 82. Kg1 f3 83. Kf1 Kf4 84. Kg1
g4 85. Rb4+ Kg3 86. Rb1 Rg2+ 87. Kf1 Rh2 0-1

[Event "II. CLANSKA LIGA ZAHOD 2016"]
[Site "Komenda"]
[Date "2016.11.11"]
[Round "1.2"]
[White "Doric, Nenad"]
[Black "Drobnic, Milan"]
[Result "1-0"]
[WhiteElo "2255"]
[BlackElo "1892"]
[PlyCount "77"]
[EventDate "2016.11.11"]
[WhiteTeam "SK RIMEX ILIRSKA BISTRICA"]
[BlackTeam "SK LOSKA DOLINA"]

1. d4 Nf6 2. c4 e6 3. Nc3 b6 4. e4 Bb4 5. Bd3 Bb7 6. Qc2 d6 7. Qa4+ Qd7 8. Qxb4
Nc6 9. Qa4 Nxd4 10. Qxd7+ Nxd7 11. Nge2 e5 12. Nxd4 exd4 13. Nb5 Nc5 14. Ke2
Ne6 15. f4 a6 16. f5 axb5 17. fxe6 fxe6 18. cxb5 Rf8 19. a4 Kd7 20. Bd2 c6 21.
bxc6+ Bxc6 22. Bb5 Rac8 23. Rac1 Bxb5+ 24. axb5 Rc5 25. Rxc5 dxc5 26. Ra1 Kd6
27. Ra6 Rb8 28. Bf4+ e5 29. Bd2 Rb7 30. Kd3 c4+ 31. Kxc4 Rc7+ 32. Kd3 Kc5 33.
Ra8 Rf7 34. Re8 Rf2 35. Rxe5+ Kd6 36. Rg5 g6 37. Bb4+ Ke6 38. Kxd4 Rxb2 39. Bc3
1-0

[Event "II. CLANSKA LIGA ZAHOD 2016"]
[Site "Komenda"]
[Date "2016.11.11"]
[Round "1.3"]
[White "Trivuncevic, Bosko"]
[Black "Nedimovic, Ljubisa"]
[Result "0-1"]
[WhiteElo "1950"]
[BlackElo "2185"]
[PlyCount "64"]
[EventDate "2016.11.11"]
[WhiteTeam "SK LOSKA DOLINA"]
[BlackTeam "SK RIMEX ILIRSKA BISTRICA"]

1. d4 f5 2. c4 g6 3. Nc3 Nf6 4. Nf3 Bg7 5. Qc2 d6 6. a3 O-O 7. Bg5 Nbd7 8. e3
c6 9. Be2 e5 10. dxe5 dxe5 11. e4 Nc5 12. O-O fxe4 13. Nd2 Bf5 14. Bxf6 Qxf6
15. Ndxe4 Qh4 16. f3 Bh6 17. b4 Be3+ 18. Kh1 Bf4 19. g3 Bxg3 20. Bd1 Nxe4 21.
Nxe4 Bxe4 22. Qg2 Bd3 23. Rg1 Bf2 24. Qg4 Bxc4 25. Qxh4 Bxh4 26. Rg4 Rf4 27. h3
Rxg4 28. hxg4 Rd8 29. Bc2 Rd2 30. Be4 Bd5 31. Bxd5+ Rxd5 32. Ra2 Bg5 0-1

[Event "II. CLANSKA LIGA ZAHOD 2016"]
[Site "Komenda"]
[Date "2016.11.11"]
[Round "1.4"]
[White "Sajn, Simon"]
[Black "Stanic, Vitko"]
[Result "1-0"]
[WhiteElo "2096"]
[BlackElo "1764"]
[PlyCount "73"]
[EventDate "2016.11.11"]
[WhiteTeam "SK RIMEX ILIRSKA BISTRICA"]
[BlackTeam "SK LOSKA DOLINA"]

1. d4 d5 2. Nf3 Nf6 3. Bf4 e6 4. e3 Be7 5. h3 Nbd7 6. Bd3 O-O 7. O-O h6 8. c4
dxc4 9. Bxc4 Nb6 10. Bb3 Nbd5 11. Bh2 c5 12. Nc3 Nxc3 13. bxc3 cxd4 14. cxd4
Bd7 15. Ne5 Bb5 16. Bc4 Bxc4 17. Nxc4 Rc8 18. Qb3 b6 19. Rfc1 Qd5 20. Rab1 Rfd8
21. Qa4 Bf8 22. Ne5 Rxc1+ 23. Rxc1 Qb7 24. Rc6 Rd5 25. Qc2 Rb5 26. Bg3 Nd5 27.
Nd3 Qe7 28. Bd6 Qg5 29. Rc8 Nxe3 30. Rxf8+ Kh7 31. fxe3 Qxe3+ 32. Nf2+ f5 33.
Be5 Qe1+ 34. Kh2 Rb1 35. Rf7 Kg6 36. Rxg7+ Kh5 37. g4+ 1-0

[Event "II. CLANSKA LIGA ZAHOD 2016"]
[Site "Komenda"]
[Date "2016.11.11"]
[Round "1.5"]
[White "Sharku, Hysen"]
[Black "Delost, Josko"]
[Result "1-0"]
[WhiteElo "2041"]
[BlackElo "1666"]
[PlyCount "99"]
[EventDate "2016.11.11"]
[WhiteTeam "SK LOSKA DOLINA"]
[BlackTeam "SK RIMEX ILIRSKA BISTRICA"]

1. Nf3 d5 2. b3 Nf6 3. Bb2 Bf5 4. h3 h6 5. g4 Bh7 6. d3 e6 7. Nbd2 Nbd7 8. Rg1
g5 9. e4 dxe4 10. Nxe4 Bxe4 11. dxe4 Rg8 12. Bd3 c6 13. Qe2 Qa5+ 14. Qd2 Qxd2+
15. Nxd2 Be7 16. c4 O-O-O 17. O-O-O Nc5 18. Bc2 Nd3+ 19. Bxd3 Rxd3 20. Rg3 Rgd8
21. e5 Ne8 22. Kc2 Rxg3 23. fxg3 Nc7 24. Rf1 Rf8 25. Ne4 Ne8 26. Bd4 b6 27. c5
b5 28. Nd6+ Bxd6 29. cxd6 a6 30. Kd3 Kd7 31. a4 f5 32. axb5 axb5 33. Ra1 Nxd6
34. Ra7+ Nb7 35. Rxb7+ Kc8 36. Re7 fxg4 37. hxg4 Rf3+ 38. Be3 Rxg3 39. Rxe6 Kd7
40. Rxh6 Rxg4 41. e6+ Ke8 42. Bc5 Rh4 43. Rxh4 gxh4 44. Ke3 h3 45. Kf3 h2 46.
Kg2 h1=Q+ 47. Kxh1 Kd8 48. b4 Kc7 49. Kg2 Kd8 50. Kf3 1-0

[Event "II. CLANSKA LIGA ZAHOD 2016"]
[Site "Komenda"]
[Date "2016.11.11"]
[Round "1.6"]
[White "Skrt, Branko"]
[Black "Zaplotnik, Hugon"]
[Result "1/2-1/2"]
[WhiteElo "1500"]
[BlackElo "1619"]
[PlyCount "112"]
[EventDate "2016.11.11"]
[WhiteTeam "SK RIMEX ILIRSKA BISTRICA"]
[BlackTeam "SK LOSKA DOLINA"]

1. e4 c5 2. Nc3 Nc6 3. Nf3 a6 4. h3 d6 5. a3 Nf6 6. Bc4 e6 7. d3 Be7 8. O-O O-O
9. Nh2 b5 10. Ba2 Rb8 11. Ne2 b4 12. c3 a5 13. f4 Bd7 14. Nf3 h6 15. Ng3 Nh7
16. Be3 bxc3 17. bxc3 Rb2 18. Bc4 Qc7 19. a4 Na7 20. Bc1 Rb7 21. Qc2 Rfb8 22.
Ba3 Bc6 23. Ne2 Nf8 24. Nd2 Qd7 25. Bc1 d5 26. Bb3 dxe4 27. dxe4 Rxb3 28. Nxb3
Bxa4 29. Qd2 Bxb3 30. Qxd7 Nxd7 31. Rxa5 Rb7 32. Be3 Nc6 33. Ra8+ Kh7 34. Rb1
c4 35. Rc8 Ndb8 36. Nd4 Bc5 37. Kh2 Bxd4 38. Bxd4 Na5 39. g4 Nbc6 40. Be3 Rd7
41. Bb6 Rd2+ 42. Kh1 Rd3 43. Ra1 Ne7 44. Rc7 Nac6 45. Bc5 Rxc3 46. Bxe7 Nd4 47.
Bc5 Nf3 48. Rxf7 Rc2 49. Bg1 Ba2 50. Rf1 Nd2 51. Rf2 c3 52. Rc7 Rc1 53. Kg2 Bb1
54. Rxc3 Bxe4+ 55. Kh2 Nf1+ 56. Rxf1 Rxc3 1/2-1/2

[Event "II. CLANSKA LIGA ZAHOD 2016"]
[Site "Komenda"]
[Date "2016.11.11"]
[Round "1.1"]
[White "Kersic, Matej"]
[Black "Hrescak, Ivana"]
[Result "1-0"]
[WhiteElo "2152"]
[BlackElo "2173"]
[PlyCount "119"]
[EventDate "2016.11.11"]
[WhiteTeam "SK STARI MAYR KRANJ"]
[BlackTeam "SK POSTOJNA"]

1. e4 g6 2. d4 Bg7 3. Nc3 d6 4. Nf3 a6 5. h3 b5 6. a3 Bb7 7. Bd3 Nf6 8. O-O O-O
9. Re1 c5 10. e5 Nd5 11. Nxd5 Bxd5 12. c3 dxe5 13. dxe5 Nc6 14. Bf4 Na5 15. Qe2
Qb6 16. Rad1 Rad8 17. Nd2 Qc6 18. Be4 Bxe4 19. Nxe4 Nc4 20. Ng3 Qc7 21. a4 Rxd1
22. Rxd1 Bxe5 23. Bxe5 Nxe5 24. axb5 axb5 25. Qxb5 Rb8 26. Qa4 c4 27. Rd4 Qb6
28. Rd2 Qb5 29. Qa7 Kf8 30. Qd4 Kg8 31. Qa7 Nc6 32. Qe3 Qe5 33. Nf1 Qf6 34. Qe4
Ne5 35. Ne3 Qe6 36. f4 Nd3 37. Qxe6 fxe6 38. Nxc4 Nxf4 39. Ne3 e5 40. b4 e4 41.
Nd5 Nxd5 42. Rxd5 Rc8 43. Rc5 Rxc5 44. bxc5 Kf7 45. Kf2 Ke6 46. c4 Kd7 47. Ke3
Kc6 48. Kxe4 Kxc5 49. Kd3 h6 50. g4 g5 51. Kc3 Kc6 52. Kd4 Kd6 53. c5+ Kc6 54.
Ke5 Kxc5 55. Ke6 Kd4 56. Kxe7 Ke5 57. Kf7 Kf4 58. Kg6 Ke5 59. Kxh6 Kf6 60. Kh5
1-0

[Event "II. CLANSKA LIGA ZAHOD 2016"]
[Site "Komenda"]
[Date "2016.11.11"]
[Round "1.2"]
[White "Pridigar, Lovro"]
[Black "Podvrsnik, Marko"]
[Result "0-1"]
[WhiteElo "2044"]
[BlackElo "2186"]
[PlyCount "54"]
[EventDate "2016.11.11"]
[WhiteTeam "SK POSTOJNA"]
[BlackTeam "SK STARI MAYR KRANJ"]

1. d4 Nf6 2. Nf3 g6 3. Nc3 d5 4. Bf4 c6 5. e3 Qb6 6. Qc1 Bf5 7. Be2 Bg7 8. Ne5
Nbd7 9. a3 O-O 10. h4 h5 11. f3 a6 12. g4 Be6 13. Bg5 hxg4 14. Nxd7 Bxd7 15.
Bxf6 Bxf6 16. fxg4 e5 17. dxe5 Bxe5 18. h5 Bg3+ 19. Kf1 Rae8 20. Nd1 c5 21. Kg2
Qd6 22. Bf3 g5 23. Nc3 Bc6 24. Nxd5 Bxd5 25. Bxd5 Bh4 26. Qd2 Qg3+ 27. Kf1 Rxe3
0-1

[Event "II. CLANSKA LIGA ZAHOD 2016"]
[Site "Komenda"]
[Date "2016.11.11"]
[Round "1.3"]
[White "Djuric, Petar"]
[Black "Jereb, Lana"]
[Result "1-0"]
[WhiteElo "2112"]
[BlackElo "1584"]
[PlyCount "107"]
[EventDate "2016.11.11"]
[WhiteTeam "SK STARI MAYR KRANJ"]
[BlackTeam "SK POSTOJNA"]

1. c4 e5 2. Nc3 Nf6 3. g3 Bc5 4. Bg2 c6 5. d3 d6 6. Nf3 h6 7. O-O O-O 8. Rb1 a5
9. a3 Be6 10. b4 axb4 11. axb4 Ba7 12. Qc2 Nbd7 13. Bd2 d5 14. c5 b6 15. cxb6
Bxb6 16. Na4 Ra6 17. Rfc1 Bc7 18. b5 cxb5 19. Rxb5 Bd6 20. Bb4 Bxb4 21. Rxb4
Qa5 22. Rcb1 Rfa8 23. Qb2 Qc7 24. Nc3 Rc8 25. Nb5 Qc2 26. Ne1 Qxb2 27. R4xb2
Rb6 28. Na3 Rcb8 29. Rxb6 Rxb6 30. Rc1 Rb2 31. Nac2 Nb8 32. Kf1 Nc6 33. Ra1 Nb4
34. Ra8+ Kh7 35. Nxb4 Rxb4 36. Ra1 Rb2 37. Rc1 Nd7 38. Nc2 Nc5 39. Ne3 Nb3 40.
Rd1 Nd4 41. Re1 Rb5 42. f4 f6 43. Ra1 Rb2 44. Re1 Rb5 45. Kf2 Ra5 46. Rc1 Ra2
47. Bf1 Bf7 48. f5 e4 49. dxe4 dxe4 50. Rc7 Kg8 51. Rc8+ Kh7 52. Rf8 Bb3 53.
Re8 Ne6 54. fxe6 1-0

[Event "II. CLANSKA LIGA ZAHOD 2016"]
[Site "Komenda"]
[Date "2016.11.11"]
[Round "1.4"]
[White "Skrbec, Leon"]
[Black "Urh, Zala"]
[Result "0-1"]
[WhiteElo "1505"]
[BlackElo "2036"]
[PlyCount "58"]
[EventDate "2016.11.11"]
[WhiteTeam "SK POSTOJNA"]
[BlackTeam "SK STARI MAYR KRANJ"]

1. d4 Nf6 2. c4 e6 3. Nc3 Bb4 4. a3 Bxc3+ 5. bxc3 b6 6. Nf3 Bb7 7. Bg5 h6 8.
Bh4 d6 9. e3 O-O 10. Bd3 Nbd7 11. O-O c5 12. e4 e5 13. d5 Re8 14. a4 a5 15. Qb3
Ba6 16. Nd2 g5 17. Bg3 Nf8 18. h4 Ng6 19. hxg5 hxg5 20. f3 Nh5 21. Bh2 Kg7 22.
Kf2 g4 23. Qc2 Qh4+ 24. Kg1 g3 25. Bxg3 Nxg3 26. Rfe1 Nf4 27. Bf1 Rh8 28. Qd1
Nh1 29. Be2 Qf2# 0-1

[Event "II. CLANSKA LIGA ZAHOD 2016"]
[Site "Komenda"]
[Date "2016.11.11"]
[Round "1.5"]
[White "Bulatovic, Milorad"]
[Black "Hvala, Inja Ajda"]
[Result "1-0"]
[WhiteElo "1864"]
[BlackElo "1231"]
[PlyCount "101"]
[EventDate "2016.11.11"]
[WhiteTeam "SK STARI MAYR KRANJ"]
[BlackTeam "SK POSTOJNA"]

1. e3 d5 2. b3 Nf6 3. Bb2 Bf5 4. Nf3 e6 5. Be2 Be7 6. O-O O-O 7. c4 c6 8. Nh4
Bg6 9. Nxg6 hxg6 10. d4 Nbd7 11. Nd2 Bb4 12. a3 Be7 13. c5 b6 14. b4 bxc5 15.
bxc5 Rb8 16. Bc3 Qc7 17. f4 Ne4 18. Nxe4 dxe4 19. Qc2 Nf6 20. Bd2 Qd7 21. g4
Qd5 22. Bc4 Qd8 23. g5 Nd5 24. Qxe4 Qd7 25. Rab1 Rxb1 26. Rxb1 Qc7 27. Qc2 Rb8
28. Rb3 Rxb3 29. Qxb3 f6 30. h4 Bf8 31. Qb1 Kf7 32. Kf2 e5 33. Qb3 exf4 34.
Bxd5+ cxd5 35. Qxd5+ Ke8 36. exf4 Qb8 37. Ke3 Qc7 38. Bb4 Qe7+ 39. Kd3 Qc7 40.
Qe4+ Kf7 41. Kc4 f5 42. Qd5+ Ke8 43. Qe5+ Qxe5 44. fxe5 Kd8 45. c6 Bxb4 46.
axb4 Kc7 47. d5 a6 48. Kc5 f4 49. Kd4 f3 50. Ke3 f2 51. Kxf2 1-0